LEADER 01233nam a2200289 a 4500 001 000000144434 003 CaOOAMICUS 005 20150630103013.0 008 150630s1963 it u000 u ita r 040 $aPUL$bita 041 1 $aita$hfre 100 1 $aStraelen, Henricus van,$cS.V.D.,$d1903-2004.$0(OLS)http://pul/name/92652 240 10$aOu va le Japon?$lItaliano.$0(OLS)http://pul/title/182738 245 10$aDove va il Giappone? /$cP. dott. Henry van Straelen S.V.D. ; prefazione del dott. John C.H. Wu. 260 $aMilano [etc.] :$bEditrice missionaria italiana,$c[1963] 300 $aX, 256 p. ;$c21 cm 490 1 $aCrocevia dei popoli 500 $aData desunta dall'imprimatur. 651 4$aGiappone$xCiviltà.$0(OLS)http://pul/subject/20544 700 1 $aWu, John C.H.$0(OLS)http://pul/name/39324 830 0$aCrocevia dei popoli.$0(OLS)http://pul/title/114315 850 $aPUL 852 $aPUL$W1$xDP1 Fondo S. Lanza$y121$m3 G 17$j166713$qFondi$B167307$CPULBib$Z2$F167307 $HLan585 $82 941 1 $a1 996 $6245$aDove va il Giappone?$9(OLS)http://pul/title/182737 996 $6260$aMilano [etc.] :$bEditrice missionaria italiana$9(OLS)http://pul/publisher/78387 LEADER 01306nam a2200265 u 4500 001 000000111420 003 CaOOAMICUS 005 20080505111618.0 008 080505s2007 it h u000 u ita u 020 $z978-88-89609-34-7* 040 $aPUL$bita$dMCT 100 1 $aCavallaro, Cristina.$0(OLS)http://pul/name/68430 245 10$aFra biblioteca e archivio :$bcatalogazione, conservazione e valorizzazione dei fondi privati /$cCristina Cavallaro ; presentazione di Caterina Del Vivo ; saggio introduttivo di Mariaelisa Rossi. 260 $aMilano :$bSylvestre Bonnard,$c2007. 300 $alii, 241 p. :$bfacsim. ;$c21 cm. 490 1 $aStudi bibliografici 500 $aInclude indici. 650 4$aArchivistica.$0(OLS)http://pul/subject/22306 830 0$aStudi bibliografici (Silvestre Bonnard).$0(OLS)http://pul/title/106914 850 $aPUL 852 $aPUL$W1$xSL Cons. Gen., Altre Classi 3$y75$m027 CAVCR 1$j127720$qDDC 21$B126423$CPULBib$Z2$F126423 $H107154 $82 941 1 $a9 996 $6020$z978-88-89609-34-7*$9(OLS)http://pul/number/137898 996 $6245$aFra biblioteca e archivio :$bcatalogazione, conservazione e valorizzazione dei fondi privati$9(OLS)http://pul/title/140117 996 $6260$aMilano :$bSylvestre Bonnard$9(OLS)http://pul/publisher/76703